1115 1411 1499 1462 1422 1373 1874 1838 1471 1043 1530 1568 1361 1364 1655 1252 1517 1123 1148 1410 1199 1248 1795 1785 1220 1981 1020 1631 1834 1798 1626 1259 1714 1159 1969 1432 1352 1240 1766 1412 1853 1737 1942 1255 1363 1264 1102 1132 1907 1677 1862 1043 1789 1361 1307 1541 1166 1033 1645 1884 1341 1997 1672 1259 1421 1454 1045 1497 1781 1388 1631 1248 1205 1906 1571 1858 1938 1356 1983 1189 1552 1687 1141 1430 1040 1009 1747 1469 1539 1803 1164 1021 1514 1712 1993 1901 1544 1141 1771 BCNSPRNW ULIB Ver.6.0+V

เปลี่ยนเป็นภาษาไทย

Change to English
 แสดงรายละเอียดบรรณานุกรม
  กลับหน้าหลัก

Brief Record : Get Marc (ISO 2709) : E-mail record : QR code < ปิดหน้าต่าง
LEADER : 00000nam 2200000uu 4500
001    13399123580
003     ULIB
008    141014s2556||||th 000 0 tha d
020    ^a9786162792199
060  4 ^aWB115^bต367
110 1  ^aมหาวิทยาลัยมหิดล. ^bคณะแพทยศาสตร์ศิริราชพยาบาล. ^bภาควิชาอายุรศาสตร์
245 00 ^aตำราอายุรศาสตร์ทั่วไป =^bGeneral internal medicine /^cนิธิพัฒน์ เจียรกุล,บรรณาธิการ
246 31 ^aGeneral internal medicine
250    ^aพิมพ์ครั้งที่ 1
260    ^aกรุงเทพฯ :^bภาควิชาอายุรศาสตร์ คณะแพทยศาสตร์ศิริราชพยาบาล มหาวิทยาลัยมหิดล,^c2556
300    ^a805 หน้า :^bภาพประกอบ ;^c30 ซม.
650  4 ^aอายุรศาสตร์
650  4 ^aโรค^xการรักษา^vรวมเรื่อง
653    ^aผลงานอาจารย์คณะแพทยศาสตร์ศิริราชพยาบาล
700 0  ^aนิธิพัฒน์ เจียรกุล,^eบรรณาธิการ
945    ^p500^l0^i21346
945    ^p500^l0^i21347
945    ^p500^l0^i21348
945    ^p500^l0^i21349
945    ^p500^l0^i21350
999    ^aทศพร เกษรทอง
รายการนี้ยังไม่มีแท็ก
คุณยังไม่ได้ล็อกอิน คุณสามารถมีกิจกรรมร่วมกับเว็บไซต์ได้ แต่ต้องล็อกอินก่อน ::
  ล็อกอิน

รายการสื่อสารสนเทศ

ลำดับที่ ประเภท เลขเรียก/บาร์โค้ด สถานที่ สถานะ
1. วิทยาศาสตร์การแพทย์ และสุขภาพ
หนังสือสำรอง
สถานะ=หนังสือสำรอง
WB115 ต367 ฉ.1 
  Barcode: 21346
ห้องสมุดวิทยาเขตนครสวรรค์
►ส่วนจัดเก็บหนังสือเก่า นว.
บนชั้น
  ขอยืม
2. วิทยาศาสตร์การแพทย์ และสุขภาพ
วิทยาศาสตร์การแพทย์ และสุขภาพ
WB115 ต367 ฉ.2 
  Barcode: 21347
ห้องสมุดวิทยาเขตนครสวรรค์
►ส่วนจัดเก็บหนังสือเก่า นว.
บนชั้น
  ขอยืม
3. วิทยาศาสตร์การแพทย์ และสุขภาพ
วิทยาศาสตร์การแพทย์ และสุขภาพ
WB115 ต367 ฉ.3 
  Barcode: 21348
ห้องสมุดวิทยาเขตนครสวรรค์
►ส่วนจัดเก็บหนังสือเก่า นว.
บนชั้น
  ขอยืม
4. วิทยาศาสตร์การแพทย์ และสุขภาพ
วิทยาศาสตร์การแพทย์ และสุขภาพ
WB115 ต367 ฉ.4 
  Barcode: 21349
ห้องสมุดวิทยาเขตนครสวรรค์
►ส่วนจัดเก็บหนังสือเก่า นว.
บนชั้น
  ขอยืม
5. วิทยาศาสตร์การแพทย์ และสุขภาพ
วิทยาศาสตร์การแพทย์ และสุขภาพ
WB115 ต367 ฉ.5 
  Barcode: 21350
ห้องสมุดวิทยาเขตนครสวรรค์
►ส่วนจัดเก็บหนังสือเก่า นว.
บนชั้น
  ขอยืม

รายการใกล้เคียง
    หัวเรื่อง [อายุรศาสตร์]

BibComment


ยังไม่เคยถูกคอมเมนท์

คอมเมนท์ทรัพยากรรายการนี้
  คอมเมนท์: ตำราอายุรศาสตร์ท..


 Copyright 2026. Bcnsprnw @Library